000 00769 a2200205 4500
005 20080827151457.0
008 080827t xxu||||| |||| 00| 0 eng d
010 _aENG-87299
020 _c80.00
035 _aEN-70832
037 _bDBAD / PUB
082 _a615.53
100 _aPillai, S. Chidambarathanu
245 _aSiddha system of herbal cure
260 _aChennai
_bSiddha Medical Literature Research Centre
_c2006
270 _aPost Box 7162, E-32 Anna Nagar (East)
_bChennai
_e600 102
300 _aPt.2, iv, 106 p.
_c21 cm ( pbk.)
942 _adpl
_cEN
_k615.53/PIL
_2ddc
_h615.53
_mPIL
999 _c6380
_d6380